000
00248nam a2200097Ia 4500
008
220204s9999 xx 000 0 und d
082
_a
614:65
_b
MAN
245
0
_a
Management of health organization
260
_a
USA
_b
Harward College
_c
1969
942
_c
BK
999
_c
37201
_d
37201